| 000 | 01223nam a22003497a 4500 | ||
|---|---|---|---|
| 003 | CHAP | ||
| 005 | 20220329141458.0 | ||
| 008 | 971013s1985 r 00010 d | ||
| 010 | _a68790 | ||
| 011 | _a69762 | ||
| 035 | _a79240 | ||
| 040 | _cCHAP | ||
| 090 | _aTesis | ||
| 100 | 0 | 0 |
_aRodríguez Martínez, Ramón. _998682 |
| 245 | _aEstudio sobre densidad de población en soya (Glycine max L. Merril) de segundo cultivo en Delicias, Chihuahua | ||
| 260 |
_aCd. Delicias, Chih. : _bEl autor, _c1985 |
||
| 300 | _a45 h. apénd. | ||
| 500 | _a31-185 | ||
| 502 | _aTesis (Ing. Agrónomo Esp. en Fitotecnia) -- Univ. Autónoma de Chihuahua Fac. de Ciencias Agrícolas | ||
| 590 |
_aALEPH _b10 _c20130110 _lUCH01 _h1406 |
||
| 590 |
_aBATCH-UPD _b10 _c20130110 _lUCH01 _h0544 |
||
| 590 |
_aBATCH-UPD _b10 _c20130110 _lUCH01 _h2302 |
||
| 590 |
_aBATCH-UPD _b10 _c20130410 _lUCH01 _h0225 |
||
| 590 |
_aBATCH-UPD _b10 _c20130914 _lUCH01 _h2032 |
||
| 590 |
_aCONVERSION _b10 _c20130109 _lUCH01 _h1338 |
||
| 650 | 1 | 4 |
_aSoya _xChihuahua. _9109028 |
| 650 | 1 | 4 |
_aSoya _xEspaciamiento. _9109047 |
| 901 | _aBK | ||
| 942 | _cFOLL | ||
| 949 |
_bBC _cTES _d-32123 _eTS1 _h21417 _i79240 _si |
||
| 949 |
_bBC _cTES _d-96828 _eTS2 _fc.2 _h21418 _i79240 _si |
||
| 999 |
_c68790 _d68790 |
||